Зерноуборочные комбайны "Енисей": история развития и общее устройство: учебное пособие

書目詳細資料
主要作者: Воробьев В. И. Виталий Иванович
企業作者: Национальный исследовательский Томский политехнический университет (ТПУ) Юргинский технологический институт (ЮТИ)
其他作者: Капустин А. Н. Алексей Николаевич, Демидов В. П. Владимир Павлович
總結:Заглавие с титульного экрана
Электронная версия печатной публикации
В пособии дается краткая характеристика и устройство современных зерноуборочных комбайнов, выпускаемых ОАО «Красноярский завод комбайнов». Рассмотрены зерноуборочные комбайны «Енисей- 1200НМ», «Енисей-1200-1М», «Енисей-1200РМ», «Кедр-1200», кормоуборочный «Енисей-324», и комбайны нового поколения «Енисей-950», «Енисей-954», «Енисей-960» и «Енисей-970», а также устройство современного комбайна 950-ой серии. Предназначено для студентов, обучающихся по направлению 110300 специ­альности 110304 «Технология обслуживания и ремонта машин и оборудования в АПК». Может быть полезно руководителям хозяйств, закупающих продукцию ОАО «Красноярского завода комбайнов», комбайнерам, работающим на данной технике.
Режим доступа: из корпоративной сети ТПУ
語言:俄语
出版: Томск, Изд-во ТПУ, 2010
主題:
在線閱讀:http://www.lib.tpu.ru/fulltext2/m/2011/m163.pdf
格式: MixedMaterials 電子 圖書
KOHA link:https://koha.lib.tpu.ru/cgi-bin/koha/opac-detail.pl?biblionumber=195305

MARC

LEADER 00000nlm0a2200000 4500
001 195305
005 20231101224624.0
035 |a (RuTPU)RU\TPU\book\213047 
090 |a 195305 
100 |a 20110505d2010 m y0rusy50 ca 
101 0 |a rus 
102 |a RU 
105 |a a j 001zy 
135 |a drgn ---uucaa 
181 0 |a i  
182 0 |a b 
200 1 |a Зерноуборочные комбайны "Енисей": история развития и общее устройство  |b Электронный ресурс  |e учебное пособие  |f В. И. Воробьев, А. Н. Капустин, В. П. Демидов  |g Национальный исследовательский Томский политехнический университет (ТПУ), Юргинский технологический институт (ЮТИ) 
203 |a Текст  |c электронный 
210 |a Томск  |c Изд-во ТПУ  |d 2010 
230 |a 1 компьютерный файл (pdf; 2.3 MB) 
300 |a Заглавие с титульного экрана 
300 |a Электронная версия печатной публикации 
330 |a В пособии дается краткая характеристика и устройство современных зерноуборочных комбайнов, выпускаемых ОАО «Красноярский завод комбайнов». Рассмотрены зерноуборочные комбайны «Енисей- 1200НМ», «Енисей-1200-1М», «Енисей-1200РМ», «Кедр-1200», кормоуборочный «Енисей-324», и комбайны нового поколения «Енисей-950», «Енисей-954», «Енисей-960» и «Енисей-970», а также устройство современного комбайна 950-ой серии. Предназначено для студентов, обучающихся по направлению 110300 специ­альности 110304 «Технология обслуживания и ремонта машин и оборудования в АПК». Может быть полезно руководителям хозяйств, закупающих продукцию ОАО «Красноярского завода комбайнов», комбайнерам, работающим на данной технике. 
333 |a Режим доступа: из корпоративной сети ТПУ 
337 |a Adobe Reader 
452 1 |0 (RuTPU)RU\TPU\book\199137  |t Зерноуборочные комбайны "Енисей": история развития и общее устройство  |o учебное пособие  |f В. И. Воробьев, А. Н. Капустин, В. П. Демидов  |g Национальный исследовательский Томский политехнический университет (ТПУ), Юргинский технологический институт (ЮТИ)  |c Томск  |n Изд-во ТПУ  |d 2010  |p 110 с.  |a Воробьев, Виталий Иванович 
606 1 |a Зерноуборочные комбайны  |x Устройство  |2 stltpush  |3 (RuTPU)RU\TPU\subj\11823  |9 38717 
610 1 |a электронный ресурс 
610 1 |a труды учёных ТПУ 
610 1 |a учебные пособия 
610 1 |a характеристика 
610 1 |a история 
610 1 |a комбайны Енисей 
610 1 |a конструкции 
610 1 |a узлы 
610 1 |a детали 
675 |a 631.35(075.8)  |v 3 
700 1 |a Воробьев  |b В. И.  |g Виталий Иванович 
701 1 |a Капустин  |b А. Н.  |c старший преподаватель  |c Юргинский технологический институт (филиал) Томского политехнического университета  |g Алексей Николаевич  |2 stltpush  |3 (RuTPU)RU\TPU\pers\24293 
701 1 |a Демидов  |b В. П.  |g Владимир Павлович 
712 0 2 |a Национальный исследовательский Томский политехнический университет (ТПУ)  |b Юргинский технологический институт (ЮТИ)  |c (2009- )  |2 stltpush  |3 (RuTPU)RU\TPU\col\15903 
801 1 |a RU  |b 63413507  |c 20110505 
856 4 |u http://www.lib.tpu.ru/fulltext2/m/2011/m163.pdf 
942 |c CF